| 000 | 00499nam a2200169Ia 4500 | ||
|---|---|---|---|
| 008 | 090201s9999 xx 000 0 und d | ||
| 010 | _aKPL-71010 | ||
| 040 | _bमराठी | ||
| 041 | _aमराठी | ||
| 082 |
_a49176 _b71010 |
||
| 100 | _aवृ्ंदा दिवाण | ||
| 245 |
_aउ:शाप _cवृ्ंदा दिवाण |
||
| 260 |
_c2006 _bपायल पब्जिकेशन |
||
| 300 |
_a192 _bमध्यम |
||
| 600 | _aउ:शाप | ||
| 942 | _cBOOK | ||
| 999 |
_c245759 _d245759 |
||